[Event "Athens PAO op 17th"]
[Site "Athens"]
[Date "2024.03.29"]
[Round "3"]
[White "Demestichas, Petros"]
[Black "Kafousopoulos, Fotios"]
[Result "1-0"]
[WhiteElo "1632"]
[BlackElo "1475"]
[PlyCount "91"]
[EventDate "2024.03.15"]
[EventType "swiss"]
[EventRounds "7"]
[EventCountry "GRE"]
[SourceTitle "CBM 220 Extra"]
[Source "ChessBase"]
[SourceDate "2024.07.31"]
[SourceVersion "1"]
[SourceVersionDate "2024.07.31"]
[SourceQuality "1"]

1. c4 d6 2. Nc3 Nf6 3. g3 g6 4. Bg2 Bg7 5. e4 c5 6. Nge2 0-0 7. 0-0 Bd7 8. e5 Nc6 9. exf6 Bxf6 10. d3 Qc7 11. Nd5 Qa5 12. Nxf6+ exf6 13. Bh6 Rfe8 14. Nc3 Re6 15. Nd5 f5 16. Bg5 Kg7 17. Bd2 Qd8 18. Bc3+ f6 19. Qd2 Ne5 20. Rfe1 Bc6 21. f4 Qd7 22. fxe5 fxe5 23. b4 b6 24. b5 Bb7 25. Nf4 Re7 26. Bxb7 Qxb7 27. Nd5 Rd7 28. a4 h5 29. Qg5 Rf8 30. Bd2 f4 31. gxf4 Rf5 32. Qg3 exf4 33. Nxf4 g5 34. Nxh5+ Kg6 35. Rf1 Rdf7 36. Rxf5 Rxf5 37. Rf1 Qf7 38. Rxf5 Qxf5 39. Qxg5+ Qxg5+ 40. Bxg5 Kxg5 41. Ng3 Kf4 42. Kf2 Ke5 43. Ke3 d5 44. h4 d4+ 45. Kf3 Kf6 46. Ke4 1-0

[Event "GRE-ch Schools Gym-A"]
[Site "Athens"]
[Date "2022.06.12"]
[Round "4"]
[White "Mavridis, Emmanouil"]
[Black "Demestichas, Petros"]
[Result "1-0"]
[WhiteElo "1424"]
[BlackElo "1216"]
[PlyCount "51"]
[EventDate "2022.06.12"]
[EventType "swiss"]
[EventRounds "9"]
[EventCountry "GRE"]
[SourceTitle "EXT 2023"]
[Source "ChessBase"]
[SourceDate "2022.10.05"]
[SourceVersion "1"]
[SourceVersionDate "2022.10.05"]
[SourceQuality "1"]

1. d4 e5 2. dxe5 Nc6 3. Nf3 Qe7 4. Nc3 Nxe5 5. Bf4 Nxf3+ 6. gxf3 d6 7. Qd2 Nf6 8. Bg5 h6 9. Nd5 Qd8 10. Bxf6 gxf6 11. Qc3 Bg7 12. Nxc7+ Ke7 13. Nxa8 Bd7 14. Nc7 Be6 15. Nxe6 fxe6 16. Bh3 Rg8 17. Rg1 Kf7 18. Qb3 Qc8 19. 0-0-0 Qd7 20. Qa3 d5 21. e4 d4 22. Qxa7 Rd8 23. Qb6 h5 24. Bxe6+ Qxe6 25. Rxg7+ Kxg7 26. Qxe6 1-0